Development and handicap /

Bibliographic Details
Main Author: Lewis, Vicky, 1948-
Format: Book
Language:English
Published: Oxford, UK ; New York, NY, USA : B. Blackwell, 1987.
Subjects:

MARC

Tag First Indicator Second Indicator Subfields
LEADER 00000cam a2200000 a 4500
001 in00000008954
005 20151007051441.0
008 861009s1987 enk b 00110 eng
010 |a  86024309  
020 |a 0631136320 :  |c $45.00 (U.S.) 
020 |a 0631136339 (pbk.) :  |c $14.95 (U.S.) 
035 |a (OCoLC)14519477 
035 |9 AAA3023AM 
040 |a DLC  |c DLC  |d TXA  |d UtOrBLW 
049 |a TXAM  |c [A12628578] 
050 0 0 |a RJ137  |b .L49 1987 
082 0 |a 649/.15  |2 19 
100 1 |a Lewis, Vicky,  |d 1948- 
245 1 0 |a Development and handicap /  |c Vicky Lewis. 
264 1 |a Oxford, UK ;  |a New York, NY, USA :  |b B. Blackwell,  |c 1987. 
300 |a viii, 222 pages ;  |c 24 cm. 
336 |a text  |b txt  |2 rdacontent 
337 |a unmediated  |b n  |2 rdamedia 
338 |a volume  |b nc  |2 rdacarrier 
504 |a Bibliography: pages [195]-213. 
500 |a Includes index. 
650 0 |a Children with disabilities  |x Development. 
650 0 |a Child development. 
650 0 |a Children with disabilities  |x Care. 
999 |a MARS 
999 f f |s 01638708-a46b-346c-aa40-e4e9acb25841  |i 34293eeb-895c-34ea-a106-698c736c31f9  |t 0 
952 f f |p ric  |a Texas A&M University  |b Rellis Campus  |c Joint Library Facility  |d Remote Storage  |t 0  |e RJ137 .L49 1987  |h Library of Congress classification  |i unmediated -- volume  |m A14812628578 
998 f f |a RJ137 .L49 1987  |t 0  |l Remote Storage